The Resource-Saving Technology of Aluminum Nitride Obtaining During Combustion of Aluminum Nanopowder in Air; MATEC Web of Conferences; Vol. 85 : Chemistry and Chemical Technology in XXI Century (CCT 2016)
| Parent link: | MATEC Web of Conferences Vol. 85 : Chemistry and Chemical Technology in XXI Century (CCT 2016).— 2016.— [01008, 5 p.] |
|---|---|
| Yazar: | |
| Müşterek Yazar: | |
| Diğer Yazarlar: | , |
| Özet: | Title screen The resource-saving technology of aluminum nitride obtaining during the combustion of aluminum nanopowder in air has been analyzed in the article. The investigation of the crystal phases of aluminum nanopowder combustion products obtained under the magnetic field exposure has been made. The experimental results showed the increase of aluminum nitride content up to 86 wt. % in comparison with the aluminum nitride content in combustion products without any exposure. The mechanism of aluminum nitride formation and stabilization in air was due to the oxygen molecules deactivation by light emission during combustion. |
| Dil: | İngilizce |
| Baskı/Yayın Bilgisi: |
2016
|
| Konular: | |
| Online Erişim: | http://dx.doi.org/10.1051/matecconf/20168501008 http://earchive.tpu.ru/handle/11683/36595 |
| Materyal Türü: | MixedMaterials Elektronik Kitap Bölümü |
| KOHA link: | https://koha.lib.tpu.ru/cgi-bin/koha/opac-detail.pl?biblionumber=652835 |
MARC
| LEADER | 00000nla2a2200000 4500 | ||
|---|---|---|---|
| 001 | 652835 | ||
| 005 | 20250116063141.0 | ||
| 035 | |a (RuTPU)RU\TPU\network\18174 | ||
| 035 | |a RU\TPU\network\18165 | ||
| 090 | |a 652835 | ||
| 100 | |a 20170127a2016 k y0engy50 ba | ||
| 101 | 0 | |a eng | |
| 105 | |a y z 100zy | ||
| 135 | |a drgn ---uucaa | ||
| 181 | 0 | |a i | |
| 182 | 0 | |a b | |
| 200 | 1 | |a The Resource-Saving Technology of Aluminum Nitride Obtaining During Combustion of Aluminum Nanopowder in Air |f A. P. Ilyin, A. V. Mostovshchikov, L. O. Root | |
| 203 | |a Text |c electronic | ||
| 300 | |a Title screen | ||
| 320 | |a [References: 18 tit.] | ||
| 330 | |a The resource-saving technology of aluminum nitride obtaining during the combustion of aluminum nanopowder in air has been analyzed in the article. The investigation of the crystal phases of aluminum nanopowder combustion products obtained under the magnetic field exposure has been made. The experimental results showed the increase of aluminum nitride content up to 86 wt. % in comparison with the aluminum nitride content in combustion products without any exposure. The mechanism of aluminum nitride formation and stabilization in air was due to the oxygen molecules deactivation by light emission during combustion. | ||
| 461 | 0 | |0 (RuTPU)RU\TPU\network\4526 |t MATEC Web of Conferences | |
| 463 | 0 | |0 (RuTPU)RU\TPU\network\17872 |t Vol. 85 : Chemistry and Chemical Technology in XXI Century (CCT 2016) |o Conference, May 17-20, 2016, Tomsk, Russia |o [proceedings] |f National Research Tomsk Polytechnic University (TPU) ; eds. A. N. Pestryakov ; E. I. Korotkova ; A. Vorobiev |v [01008, 5 p.] |d 2016 | |
| 610 | 1 | |a электронный ресурс | |
| 610 | 1 | |a труды учёных ТПУ | |
| 610 | 1 | |a ресурсосбережение | |
| 610 | 1 | |a нитрид алюминия | |
| 610 | 1 | |a порошки | |
| 610 | 1 | |a горение в воздухе | |
| 610 | 1 | |a алюминий | |
| 610 | 1 | |a кристаллические фазы | |
| 610 | 1 | |a дезактивация | |
| 700 | 1 | |a Ilyin |b A. P. |c chemist |c Professor of Tomsk Polytechnic University, Doctor of physical and mathematical sciences |f 1949- |g Aleksandr Petrovich |3 (RuTPU)RU\TPU\pers\33060 |9 16894 | |
| 701 | 1 | |a Mostovshchikov |b A. V. |c Chemist |c Senior Researcher, Professor of Tomsk Polytechnic University, Doctor of Technical Sciences |f 1989- |g Andrey Vladimirovich |y Tomsk |3 (RuTPU)RU\TPU\pers\31091 |9 15320 | |
| 701 | 1 | |a Root |b L. O. |c chemist |c Associate Professor of Tomsk Polytechnic University, Candidate of technical science |f 1982- |g Lyudmila Olegovna |3 (RuTPU)RU\TPU\pers\31506 |9 15667 | |
| 712 | 0 | 2 | |a Национальный исследовательский Томский политехнический университет (ТПУ) |b Институт физики высоких технологий (ИФВТ) |b Кафедра общей химии и химической технологии (ОХХТ) |3 (RuTPU)RU\TPU\col\21253 |
| 801 | 2 | |a RU |b 63413507 |c 20170203 |g RCR | |
| 856 | 4 | |u http://dx.doi.org/10.1051/matecconf/20168501008 | |
| 856 | 4 | |u http://earchive.tpu.ru/handle/11683/36595 | |
| 942 | |c CF | ||